000 00336 a2200157 4500
001 170389
020 _a
040 _cMagnum
100 _aPereira, Lygia da Veiga
240 1 0 _aClonagem: fatos & mitos
_lpor
245 1 0 _aClonagem: fatos & mitos
362 0 _a1899
440 1 _aModerna
697 _aPARADIDATICOS
942 _cBK
999 _c170389
_d170389